000
00297nam a2200109Ia 4500
008
160531s9999 xx 000 0 und d
100
_a
Garcia, Maria-Dolores.
245
_a
Zoology
245
_c
Edited by Maria-Dolores Garcia
260
_c
2012
856
_u
http://www.intechopen.com/books/zoology
999
_c
295303
_d
295303